00381nam a2200181Ia 4500003000900000008004100009040001300050040001300063041000800076100001900084245002600103250001200129260002000141260000900161300001100170300001200181490000600193IT-RoPAU120407s9999 xx 000 0 und d aIT-RoPAU cIT-RoPAU aita aBruno Schaefer aHanno sentito la voce aMilano  aVita e Pensiero c1950 a187 p. c18,5 cm v1